01596nam a2200349 i 4500001001000000003000900010005001700019007000300036008003400039020001800073040003000091082002900121245010300150264004900253300005400302336002700356337003300383338002800416490001600444500013800460500005500598505024800653590002600901600003200927650002400959650002600983700004401009910003801053942001201091952012601103999001701229000046626DO-SdBNP20240216101259.0ta170512s2017 dr ac 000 0 spa d a9789945088588 aDO-SdBNPbspacBPMSUerda 4aRD861.44bN2729 201722210aCarmen Natalia :bpoemas /c Carmen Natalia ; [compilación] y edición, Ilonka Nacidit Perdomo. aSanto Domingo :bEditorial Santuario,c2017. a85 páginas :bilustraciones, retratos ;c24 cm. 2rdacontentatextobtxt 2rdamediaasin mediaciónbn 2rdacarrieravolumenbnc0 aIn memoriam aLos poemas de Carmen Natalia que integran esta selección, editada para la conmemoración del centenario de su nacimiento 1917-2017 aIncluye datos biográficos de la autora: p. 81-850 aAlfarero celete --tCanción de la vida insólita --tNofue porque yo quise...tLa miseria esta de ronda --tGrito --tLlanto sin término por el hijo natural nunca llegado --tUn hombre tras las rejas --tCarmen Natalia datos biográficos aInventariado, 2024/VM14aCarmen Natalia d1917-1976 4aPoesía dominicana 4aLiteratura dominicana1 aNacidit Perdomo, Ilonka,ecompilación aVMateo V.Control de calidad.BPMSU 2ddccBK 00102ddc40708CDaBPMETbBPMETd2024-02-16l0oBPMSU CD RD861.44 N272p 2017pBPMSU24020334r2024-02-16w2024-02-16yBK c14572d14572